[Event "EYCC Open U16 2018"]
[Site "Riga"]
[Date "2018.08.26"]
[Round "6"]
[White "Remizov, Yaroslav"]
[Black "Petriashvili, Nikoloz"]
[Result "1/2-1/2"]
[WhiteElo "2317"]
[BlackElo "2323"]
[Annotator "NA"]
[PlyCount "109"]
[EventDate "2018.08.20"]
[EventType "swiss"]
[EventCountry "LAT"]
[SourceTitle "playchess.com"]
[Source "ChessBase"]
[SourceQuality "1"]
[TimeControl "40/5400+30:1800+30"]

1. e4 {[%emt 0:00:00]} e5 {[%emt 0:00:00]} 2. Nf3 {[%emt 0:00:00]} Nc6 {[%emt 0:00:00]} 3. Nc3 {[%emt 0:00:00]} Nf6 {[%emt 0:03:14]} 4. Be2 {[%emt 0:00:00]} d5 {[%emt 0:08:12]} 5. exd5 {[%emt 0:00:25]} Nxd5 {[%emt 0:00:40]} 6. O-O {[%emt 0:00:03]} Be7 {[%emt 0:02:46] C47: Scotch Four Knights and Four Knights with 4 g3} (6... Nxc3 7. bxc3 e4 8. Ne1 Bd6 9. f3 f5 10. fxe4 fxe4 11. Rb1 Qe7 12. d4 exd3 13. cxd3 Bd7 14. Rxb7 O-O-O 15. Rb2 {1-0 (29) Van Foreest,J (2629)-Giri,A (2752) Amstelveen 2017}) 7. Bb5 {[%emt 0:05:11]} Nxc3 {[%emt 0:08:47]} 8. bxc3 {[%emt 0:00:05]} e4 {[%emt 0:02:27]} 9. Nd4 {[%emt 0:00:09]} Bd7 {[%emt 0:05:42]} 10. Bxc6 $146 {[%emt 0:00:12]} ({Predecessor:} 10. Nxc6 bxc6 11. Bc4 O-O 12. Qe2 Bf5 13. f3 Bc5+ 14. Kh1 {1-0 (49) Nagy,G (2377)-Pesztericz,L (2065) Banska Stiavnica 2015}) 10... bxc6 {[%emt 0:00:11]} 11. Qe2 {[%emt 0:00:44]} c5 {[%emt 0:20:19]} 12. Nb3 {[%emt 0:00:03]} O-O {[%emt 0:02:26]} 13. Qxe4 {[%emt 0:08:31]} Re8 {[%emt 0:00:14]} 14. d3 {[%emt 0:03:12]} Bd6 {[%emt 0:00:46]} 15. Qf3 {[%emt 0:02:36]} c4 {[%emt 0:03:50]} 16. Nd4 {[%emt 0:23:45]} c5 {[%emt 0:14:04]} 17. Nf5 {[%emt 0:01:45]} Be5 {[%emt 0:00:43]} 18. dxc4 {[%emt 0:13:45]} Qf6 {[%emt 0:00:54]} 19. Ne3 {[%emt 0:11:18]} Qxf3 {[%emt 0:00:28]} 20. gxf3 {[%emt 0:00:05]} Bxc3 {[%emt 0:09:11]} 21. Rb1 {[%emt 0:01:26]} Bh3 {[%emt 0:01:43]} 22. Rd1 {[%emt 0:01:29]} Bd4 {[%emt 0:00:07]} 23. Nd5 {[%emt 0:14:13]} Bf5 {[%emt 0:02:02]} 24. Be3 {[%emt 0:00:26]} Bxc2 {[%emt 0:03:46]} 25. Bxd4 {[%emt 0:00:12]} Bxb1 {[%emt 0:01:15]} 26. Bxc5 {[%emt 0:00:37]} Bxa2 {[%emt 0:01:45]} 27. Ra1 {[%emt 0:04:25]} Bxc4 {[%emt 0:03:05]} 28. Nc7 {[%emt 0:00:03]} a6 {[%emt 0:01:55]} 29. Nxa8 {[%emt 0:04:10]} Rxa8 {[%emt 0:00:04]} 30. Bb6 {[%emt 0:00:36]} f6 {[%emt 0:01:51]} 31. Kg2 {[%emt 0:00:47]} Rb8 {[%emt 0:00:04]} 32. Be3 {[%emt 0:00:19]} Rb7 {[%emt 0:00:36]} 33. Rc1 {[%emt 0:01:12]} Rc7 {[%emt 0:00:47]} 34. Rd1 {[%emt 0:00:54]} Kf7 {[%emt 0:00:27]} 35. Rd8 {[%emt 0:00:09]} Ke6 {[%emt 0:00:08]} 36. Rh8 {[%emt 0:01:51]} h6 {[%emt 0:00:53]} 37. Kg3 {[%emt 0:01:43]} Bd5 {[%emt 0:00:10]} 38. Re8+ {[%emt 0:01:52]} Kd7 {[%emt 0:00:20]} 39. Rb8 {[%emt 0:00:20]} Ke6 {[%emt 0:02:15]} 40. Re8+ {[%emt 0:00:00]} Kf5 {[%emt 0:00:00]} 41. Rb8 {[%emt 0:01:54]} Rc6 {[%emt 0:05:15]} 42. h4 {[%emt 0:01:17]} Bc4 {[%emt 0:01:06]} 43. Rb7 {[%emt 0:00:39]} g5 {[%emt 0:01:47]} 44. hxg5 {[%emt 0:00:03]} fxg5 {[%emt 0:00:24]} 45. Ra7 {[%emt 0:01:21]} h5 {[%emt 0:02:54]} 46. Rg7 {[%emt 0:02:45]} Rg6 {[%emt 0:04:38]} 47. Rc7 $15 {[%emt 0:00:04]} h4+ {[%emt 0:00:10]} 48. Kh2 {[%emt 0:02:04]} Bd5 {[%emt 0:01:54]} 49. Rc5 {[%emt 0:00:14]} Rd6 {[%emt 0:00:05]} 50. Ra5 {[%emt 0:00:24]} Kg6 {[%emt 0:02:34]} 51. Bc5 {[%emt 0:00:57]} Rc6 {[%emt 0:05:26]} 52. Be3 {[%emt 0:00:23]} Rd6 {[%emt 0:00:04]} 53. Bc5 {[%emt 0:00:04]} Rc6 {[%emt 0:00:02]} 54. Be3 {[%emt 0:00:14]} Bxf3 {[%emt 0:00:17]} 55. Bxg5 {[%emt 0:00:28]} 1/2-1/2

[Event "EYCC Open U16 2018"]
[Site "Riga"]
[Date "2018.08.26"]
[Round "6"]
[White "Stefansson, Vignir Vatnar"]
[Black "Baenziger, Fabian"]
[Result "1/2-1/2"]
[WhiteElo "2260"]
[BlackElo "2373"]
[Annotator "NA"]
[PlyCount "112"]
[EventDate "2018.08.20"]
[EventType "swiss"]
[EventCountry "LAT"]
[SourceTitle "playchess.com"]
[Source "ChessBase"]
[SourceQuality "1"]
[TimeControl "40/5400+30:1800+30"]

1. d4 {[%emt 0:00:00]} Nf6 {[%emt 0:00:00]} 2. Bg5 {[%emt 0:00:00]} Ne4 {[%emt 0:00:00]} 3. Bf4 {[%emt 0:00:00]} d5 {[%emt 0:01:01]} 4. e3 {[%emt 0:00:00]} c5 {[%emt 0:00:10]} 5. c3 {[%emt 0:00:32]} Nc6 {[%emt 0:00:12] A45: Trompowsky Attack} 6. Bd3 {[%emt 0:00:12]} Nf6 {[%emt 0:01:05]} 7. Nd2 {[%emt 0:00:37]} Bg4 {[%emt 0:00:31]} (7... Qb6 8. Rb1 Bg4 9. Ngf3 e6 10. Qa4 Be7 11. Ne5 O-O 12. Bg5 c4 13. Bc2 Bh5 14. Bxf6 gxf6 {1-0 (52) Mchedlishvili,M (2603)-Amin,B (2689) Riadh 2017}) 8. Ngf3 {[%emt 0:01:35]} Rc8 {[%emt 0:02:01]} 9. O-O {[%emt 0:07:26]} e6 {[%emt 0:01:49]} 10. Qa4 {[%emt 0:09:14]} Nd7 {[%emt 0:04:04]} 11. Rae1 {[%emt 0:22:37]} ({Predecessor:} 11. Ne5 Ndxe5 12. Bxe5 Qd7 13. Bg3 Bh5 14. dxc5 Bxc5 {½-½ (114) Druska,J (2457)-Cernousek,L (2494) Czech Republic 2016}) 11... a6 {[%emt 0:14:29]} 12. Bb1 {[%emt 0:05:47]} Be7 {[%emt 0:06:49]} 13. Ne5 {[%emt 0:15:46]} Ndxe5 {[%emt 0:09:03]} 14. Bxe5 {[%emt 0:00:28]} O-O {[%emt 0:00:57]} 15. Bg3 {[%emt 0:00:48]} cxd4 {[%emt 0:12:53]} 16. exd4 {[%emt 0:01:08]} Na5 {[%emt 0:01:40]} 17. b4 {[%emt 0:11:10]} Nc4 {[%emt 0:01:35]} 18. Nxc4 {[%emt 0:00:05]} Rxc4 {[%emt 0:00:07]} 19. Qb3 {[%emt 0:00:02]} Bh5 {[%emt 0:08:50]} 20. f4 {[%emt 0:00:54]} Qc8 {[%emt 0:04:59]} 21. Re3 {[%emt 0:00:14]} Bf6 {[%emt 0:00:30]} 22. Be1 {[%emt 0:02:09]} Bg6 {[%emt 0:01:22]} 23. Bxg6 {[%emt 0:00:39]} hxg6 {[%emt 0:00:56]} 24. g4 {[%emt 0:00:41]} g5 {[%emt 0:03:58]} 25. Bg3 {[%emt 0:07:12]} Qc6 {[%emt 0:06:45]} 26. Kg2 {[%emt 0:04:21]} Rc8 {[%emt 0:00:56]} 27. Rff3 {[%emt 0:00:08]} Qd7 {[%emt 0:03:08]} 28. h3 {[%emt 0:04:03]} a5 {[%emt 0:03:14]} 29. a3 {[%emt 0:00:05]} axb4 {[%emt 0:01:21]} 30. axb4 {[%emt 0:00:05]} Ra8 {[%emt 0:01:05]} 31. Re2 {[%emt 0:01:39]} Qc6 {[%emt 0:00:55]} 32. Rb2 {[%emt 0:03:17]} Ra1 {[%emt 0:01:09]} 33. Rd2 {[%emt 0:00:38]} Qa6 {[%emt 0:01:41]} 34. Qb2 {[%emt 0:01:23]} Be7 {[%emt 0:03:10]} 35. Re2 {[%emt 0:00:30]} Ra3 {[%emt 0:01:06]} 36. Rd2 {[%emt 0:00:41]} Qa4 {[%emt 0:00:37]} 37. f5 {[%emt 0:00:58]} exf5 {[%emt 0:00:43]} 38. gxf5 {[%emt 0:00:09]} Rb3 {[%emt 0:00:12]} 39. Qa2 {[%emt 0:00:28]} Ra3 {[%emt 0:02:48]} 40. Qb2 {[%emt 0:00:00]} Bf6 {[%emt 0:00:00]} 41. Bd6 {[%emt 0:11:48]} Rc8 {[%emt 0:08:46]} 42. Re2 $1 {[%emt 0:02:55]} Rb3 {[%emt 0:01:37]} 43. Qa2 {[%emt 0:00:50]} Ra3 {[%emt 0:05:55]} 44. Qb2 {[%emt 0:04:10]} Ra1 {[%emt 0:00:59]} 45. Qd2 {[%emt 0:01:54]} Re8 {[%emt 0:03:35]} 46. Be5 {[%emt 0:01:25]} Bd8 {[%emt 0:02:03]} 47. Rf1 {[%emt 0:01:58]} Rxf1 {[%emt 0:02:49]} 48. Kxf1 {[%emt 0:00:05]} Qd7 {[%emt 0:00:03]} 49. Qd3 {[%emt 0:00:19]} f6 {[%emt 0:00:06]} 50. Bg3 {[%emt 0:00:27]} Re4 {[%emt 0:00:06]} 51. Qf3 {[%emt 0:01:49]} Rxe2 {[%emt 0:01:39]} 52. Kxe2 {[%emt 0:00:09]} b5 {[%emt 0:00:02]} 53. Kd2 $11 {[%emt 0:00:42]} Bb6 {[%emt 0:01:36]} 54. Bh2 {[%emt 0:00:10]} Bd8 {[%emt 0:01:05]} 55. Bg3 {[%emt 0:00:07]} Bb6 {[%emt 0:01:00]} 56. Bh2 {[%emt 0:00:06]} Bd8 {[%emt 0:00:03]} 1/2-1/2

[Event "EYCC Open U16 2018"]
[Site "Riga"]
[Date "2018.08.26"]
[Round "6"]
[White "Postnikov, Roman"]
[Black "Martinovici, Ilie"]
[Result "1-0"]
[WhiteElo "2070"]
[BlackElo "2358"]
[Annotator "NA"]
[PlyCount "57"]
[EventDate "2018.08.20"]
[EventType "swiss"]
[EventCountry "LAT"]
[SourceTitle "playchess.com"]
[Source "ChessBase"]
[SourceQuality "1"]
[TimeControl "40/5400+30:1800+30"]

1. d4 {[%emt 0:00:00]} d5 {[%emt 0:00:00]} 2. c4 {[%emt 0:00:00]} e6 {[%emt 0:00:00]} 3. Nf3 {[%emt 0:00:00]} c6 {[%emt 0:00:00]} 4. Nc3 {[%emt 0:00:46]} f5 {[%emt 0:00:05]} 5. g3 {[%emt 0:00:52]} Nf6 {[%emt 0:00:08]} 6. Bg2 {[%emt 0:00:20]} Bd6 {[%emt 0:00:22]} 7. O-O {[%emt 0:01:05]} O-O {[%emt 0:00:37]} 8. Qc2 {[%emt 0:00:50]} Ne4 {[%emt 0:02:52]} 9. Nd2 {[%emt 0:02:40]} Nd7 {[%emt 0:04:42]} 10. Ndxe4 {[%emt 0:08:56]} dxe4 {[%emt 0:05:33]} 11. Rd1 {[%emt 0:05:26]} Qe7 {[%emt 0:01:34]} 12. Qb3 {[%emt 0:14:23]} Kh8 {[%emt 0:04:37]} 13. Rb1 $11 {[%emt 0:06:48]} a6 {[%emt 0:29:46]} 14. d5 {[%emt 0:04:52]} cxd5 {[%emt 0:05:09]} 15. cxd5 {[%emt 0:00:10]} b5 {[%emt 0:14:56]} 16. h4 {[%emt 0:10:40]} Nc5 {[%emt 0:03:45]} 17. Qc2 {[%emt 0:00:50]} e5 {[%emt 0:06:28]} 18. b4 {[%emt 0:06:35]} Nd7 {[%emt 0:00:37]} 19. a4 {[%emt 0:01:23]} bxa4 {[%emt 0:01:24]} 20. Nxa4 {[%emt 0:00:38]} a5 {[%emt 0:02:28]} 21. Bg5 {[%emt 0:03:16]} Qf7 {[%emt 0:00:22]} 22. bxa5 {[%emt 0:02:19]} Rxa5 {[%emt 0:00:01]} 23. Nb6 {[%emt 0:01:11]} Nxb6 {[%emt 0:10:47]} 24. Rxb6 {[%emt 0:00:13]} Bc5 {[%emt 0:00:09]} 25. Rc6 {[%emt 0:00:28]} Qa7 {[%emt 0:00:01]} 26. d6 {[%emt 0:03:29]} Bxf2+ {[%emt 0:00:03]} 27. Kh1 {[%emt 0:00:24]} Bc5 {[%emt 0:06:02]} 28. Rxc8 {[%emt 0:00:52]} Rxc8 {[%emt 0:00:13]} 29. d7 {[%emt 0:00:05]} 1-0

[Event "EYCC Open U16 2018"]
[Site "Riga"]
[Date "2018.08.27"]
[Round "7"]
[White "Sonis, Francesco"]
[Black "Remizov, Yaroslav"]
[Result "1/2-1/2"]
[WhiteElo "2468"]
[BlackElo "2317"]
[Annotator "TA"]
[PlyCount "76"]
[EventDate "2018.08.20"]
[EventType "swiss"]
[EventCountry "LAT"]
[SourceTitle "playchess.com"]
[Source "ChessBase"]
[SourceQuality "1"]

{[%evp 29,76,6,20,20,26,11,0,0,0,0,24,-22,-10,-15,-15,-31,-33,-45,-33,-45,-47,-49,-52,-29,-18,-45,-27,-29,-13,-4,0,0,0,0,0,0,22,22,29,29,29,29,29,29,29,29,29,29,21]} 1. e4 c5 2. Nf3 Nc6 3. d4 cxd4 4. Nxd4 Nf6 5. Nc3 e5 6. Ndb5 d6 7. Bg5 a6 8. Na3 b5 9. Nd5 Be7 10. Bxf6 Bxf6 11. c4 b4 {B33: Sicilian: Pelikan and Sveshnikov Variations} 12. Nc2 O-O 13. g3 a5 14. Bg2 Bg5 15. O-O Be6 {LiveBook: 75 Games} 16. Qd3 Rb8 17. Rfd1 $146 ({Predecessor:} 17. b3 Kh8 18. Rad1 Rb7 19. Nce3 Bxe3 20. Nxe3 {0-1 (59) Vykouk,J (2445)-Dubov,D (2701) Batumi 2018}) 17... g6 18. Nce3 Kg7 19. f4 Bh6 20. Rac1 exf4 21. gxf4 Kh8 22. c5 dxc5 23. Rxc5 Ne7 24. f5 Bxd5 25. Nxd5 Nxd5 26. Rxd5 Qh4 27. Rxa5 Bf4 (27... Rbd8 $5 28. Rd5 $8 Rxd5 29. exd5 Bf4 $11) 28. Qh3 $1 {[%cal Rh3h4]} Qxh3 29. Bxh3 Ra8 30. Rxa8 Rxa8 $11 {[%mdl 4096] Endgame KRB-KRB} 31. Rd7 Kg7 32. fxg6 hxg6 33. Be6 Ra7 34. Rxa7 {White has an edge.} Be3+ 35. Kg2 Bxa7 36. Bd5 Bd4 37. a3 bxa3 38. bxa3 f5 {Precision: White = 68%, Black = 47%.} 1/2-1/2

[Event "EYCC Open U16 2018"]
[Site "Riga"]
[Date "2018.08.27"]
[Round "7"]
[White "Blohberger, Felix"]
[Black "Degraeve, Remy"]
[Result "1/2-1/2"]
[WhiteElo "2427"]
[BlackElo "2322"]
[Annotator "TA"]
[PlyCount "118"]
[EventDate "2018.08.20"]
[EventType "swiss"]
[EventCountry "LAT"]
[SourceTitle "playchess.com"]
[Source "ChessBase"]
[SourceQuality "1"]

{[%evp 18,118,-29,-12,0,-13,-13,-25,0,-49,7,-18,-12,-35,-26,-45,0,0,0,0,6,0,0,-32,-19,-22,-29,-33,-26,-21,0,0,0,0,0,0,0,0,0,0,0,-14,0,0,0,0,20,12,8,0,54,58,79,6,34,17,29,12,17,12,15,0,5,0,33,30,37,37,38,37,50,8,8,8,22,13,11,0,0,0,0,0,0,0,0,0,0,0,0,0,0,0,0,0,0,0,0,0,0,0,0,0,0]} 1. e4 e5 2. Nf3 Nc6 3. d4 exd4 4. Nxd4 Nf6 5. Nxc6 bxc6 6. e5 Qe7 7. Qe2 Nd5 8. h4 a5 {C45: Schottische Partie} 9. c4 Nb6 10. Nd2 {LiveBook: 4 Partien} Ba6 11. Qe4 $146 ({Vorgänger:} 11. g3 a4 12. Bh3 f6 13. e6 d5 14. b3 Qd6 15. O-O Be7 16. Nf3 dxc4 {0-1 (69) Morozevich,A (2711)-Ragger,M (2698) Berlin 2015}) 11... Qe6 12. a3 Rb8 13. Be2 Qg6 (13... f5 $15 14. exf6 Bxc4) 14. Qxg6 hxg6 15. c5 Bxe2 16. cxb6 Ba6 ({Besser ist} 16... Bd3 $15 17. bxc7 Rc8) 17. bxc7 $11 Rc8 18. Ne4 {Und Sd6+ würde nun gewinnen.} Rxc7 19. Be3 Bd3 20. Nc3 Rb7 21. O-O-O Bf5 22. g3 Be7 23. Rhe1 O-O 24. Bg5 Bc5 25. Be3 Be7 26. Bg5 f6 27. exf6 Bxf6 28. Bxf6 gxf6 29. f3 Rfb8 30. Re2 Rb3 31. Rd4 Kf7 32. Ra4 Bd3 33. Rf2 Re8 (33... Ra8 $1 $11) 34. Rxa5 $14 d5 35. Ra4 ({Lieber} 35. Ra7+ $16 Re7 36. Rxe7+ Kxe7 37. g4) 35... Rb7 36. Rd4 Ba6 $1 37. Rd1 Rbe7 38. Kc2 Re3 39. b3 {[%cal Bb2b3,Bb3b4][%mdl 32]} R8e5 40. b4 Rf5 41. a4 Rfxf3 42. Rxf3 Rxf3 $11 {[%mdl 4096] Endspiel KTL-KTS} 43. b5 Bb7 44. bxc6 (44. Rd3 $5 {[%cal Rd3f3]} Rf1 45. Kb3 $14) 44... Bxc6 {Die Stellung ist ausgeglichen.} 45. Rd3 Rf2+ 46. Kb3 Ke6 47. Kb4 Rc2 48. Nb5 Rc4+ 49. Kb3 Ke5 50. Rc3 Rxc3+ 51. Kxc3 {KL-KS} Ke4 52. g4 Ke3 53. h5 gxh5 54. gxh5 Bxb5 $1 55. axb5 {[#] zielt auf h6 ab. KBB-KBB} d4+ 56. Kb4 d3 {Weiss muss nun ...d2 beachten.} 57. h6 $1 {[%cal Rh6h7] Droht h7 und aus.} d2 58. h7 d1=Q {[#] ( -> ...Dh5)} 59. h8=Q {Und weiter mit Dh6+ wäre nett.} Qd4+ {Precision: Weiß = 52%, Schwarz = 51%.} 1/2-1/2

[Event "EYCC Open U16 2018"]
[Site "Riga"]
[Date "2018.08.27"]
[Round "7"]
[White "Zarubitski, Viachaslau"]
[Black "Postnikov, Roman"]
[Result "1-0"]
[WhiteElo "2416"]
[BlackElo "2070"]
[Annotator "TA"]
[PlyCount "47"]
[EventDate "2018.08.20"]
[EventType "swiss"]
[EventCountry "LAT"]
[SourceTitle "playchess.com"]
[Source "ChessBase"]
[SourceQuality "1"]

{[%evp 16,46,-6,-9,17,5,19,22,22,7,10,0,6,-36,39,0,683,698,628,238,611,252,239,248,1019,997,943,939,878,826,29998,29999,29999]} 1. d4 d5 2. Bf4 e6 3. e3 Nf6 4. Nf3 Bd6 5. Bg3 O-O 6. Nbd2 c5 {D02: 1 d4 d5 2 Nf3 sidelines, including 2...Nf6 3 g3 and 2...Nf6 3 Bf4} 7. c3 Qc7 8. Bxd6 (8. Bd3 Nbd7 9. O-O b6 10. e4 Bxg3 11. hxg3 dxe4 12. Nxe4 Bb7 13. Qe2 Rfd8 14. Rad1 cxd4 15. Nxd4 a6 16. Rfe1 h6 {½-½ (37) So,W (2815)-Carlsen,M (2832) chess.com INT 2017}) 8... Qxd6 9. Ne5 {LiveBook: 3 Games} Nc6 10. f4 {[%cal Bf2f4,Bf4e5][%mdl 32]} Rb8 11. Bd3 b5 12. g4 $146 ({Predecessor:} 12. O-O b4 13. Rf3 bxc3 14. bxc3 h6 15. g4 Nd7 {½-½ (35) Polyakova,N (2066)-Mednikova,S (2177) Kaunas 2012}) 12... b4 13. g5 Nd7 14. Rg1 {And now Bxh7+! would win.} ({Don't play} 14. Qh5 g6 $17) 14... Ndxe5 (14... Qc7 $15) 15. fxe5 Qe7 $2 {[%mdl 8192] [#]} (15... Qc7 $11) 16. Bxh7+ $1 $18 Kxh7 {[#]} 17. Qh5+ $1 Kg8 {...bxc3 is the strong threat.} 18. Rg3 (18. Rg4 $142 g6 19. Qh6) 18... g6 19. Qh6 bxc3 $2 (19... Rb7 20. Rh3 f6) 20. Rh3 {[%csl Gh3][%cal Rh6h8]} cxd2+ 21. Kd1 {[%csl Gh3][%cal Rh6h8]} f6 22. gxf6 Rxf6 23. Qh8+ Kf7 24. Rh7# {Precision: White = 60%, Black = 43%.} 1-0

[Event "EYCC Open U16 2018"]
[Site "Riga"]
[Date "2018.08.27"]
[Round "7"]
[White "Baidetskyi, Valentin"]
[Black "Loiacono, Antonio"]
[Result "0-1"]
[WhiteElo "2411"]
[BlackElo "2297"]
[Annotator "TA"]
[PlyCount "80"]
[EventDate "2018.08.20"]
[EventType "swiss"]
[EventCountry "LAT"]
[SourceTitle "playchess.com"]
[Source "ChessBase"]
[SourceQuality "1"]

{[%evp 22,80,-2,4,17,-6,-6,0,-12,-10,0,0,0,0,0,-57,-1,-7,-20,-36,-15,-20,0,-29,4,-24,0,0,0,-12,6,-31,0,0,0,-75,-49,-159,-151,-165,-159,-152,-158,-161,-151,-158,-164,-177,-171,-179,-129,-177,-176,-177,-170,-268,-223,-587,-572,-547,-565]} 1. g3 Nf6 2. Bg2 g6 3. Nf3 Bg7 4. O-O O-O 5. d3 d5 6. Nbd2 c5 7. e4 Nc6 8. c3 e5 9. Qb3 d4 {A08: King's Indian Attack} 10. Nc4 Qe7 11. cxd4 cxd4 12. Bd2 {LiveBook: 3 Games} h6 13. Na5 $146 ({Predecessor:} 13. Qa3 Qxa3 14. bxa3 Nd7 15. Rfc1 Rd8 16. Rab1 Nf8 17. Rb5 {0-1 (45) Fedorov,A (2561)-Lintchevski,D (2561) Jurmala 2016}) 13... Nxa5 14. Bxa5 Re8 15. Rfc1 b6 16. Bb4 Qd8 17. Qa3 Bg4 18. Nd2 (18. h3 $11 Bxf3 19. Bxf3) 18... Qd7 (18... a5 $15 19. Bd6 b5) 19. Qa6 $11 Rec8 20. a4 Rxc1+ 21. Rxc1 Rb8 {[%cal Ba8b8,Bb8b7,Bb7c7][%mdl 32]} 22. Nc4 Ne8 23. Na3 Qb7 (23... h5 {seems wilder.} 24. Nb5 Bh6 25. Ra1 Rb7 26. h4 f6) 24. Qxb7 Rxb7 25. f4 f6 26. f5 Bf8 27. Bxf8 Kxf8 28. Kf2 (28. h3 $11 {remains equal.} Be2 29. Bf1 Bxf1 30. Rxf1) 28... Rc7 $36 {[%mdl 2048] Black is more active.} 29. Ra1 (29. Rxc7 $15 Nxc7 30. fxg6) 29... gxf5 30. h3 Bh5 31. exf5 {[#]} Nd6 $1 32. g4 {[#]} Be8 $1 33. a5 bxa5 34. Ke1 Bf7 35. Kd2 Bb3 36. Bf3 a4 37. Rg1 a6 38. Bd1 (38. h4 $142) 38... e4 $19 39. dxe4 $2 (39. Bxb3 {nothing else works.} e3+ 40. Kd1 axb3 41. Re1) 39... Nxe4+ 40. Ke2 {intending Bxb3.} Rc1 {Precision: White = 40%, Black = 54%.} 0-1

[Event "EYCC Open U16 2018"]
[Site "Riga"]
[Date "2018.08.27"]
[Round "7"]
[White "Baenziger, Fabian"]
[Black "Chukavin, Kirill"]
[Result "1-0"]
[WhiteElo "2373"]
[BlackElo "2291"]
[Annotator "TA"]
[PlyCount "57"]
[EventDate "2018.08.20"]
[EventType "swiss"]
[EventCountry "LAT"]
[SourceTitle "playchess.com"]
[Source "ChessBase"]
[SourceQuality "1"]

{[%evp 23,57,0,4,0,0,18,13,9,73,-32,-24,-32,0,0,0,-8,-11,-114,-124,-86,-43,-51,122,119,268,-39,252,268,255,251,1019,977,2218,2112,29992,29988]} 1. c4 e6 2. Nf3 Nf6 3. g3 d5 4. Bg2 Be7 5. O-O O-O 6. d4 Nbd7 7. Qc2 c6 8. Nbd2 b6 9. e4 dxc4 10. Nxc4 Bb7 11. Rd1 c5 12. e5 {E09: Closed Catalan: Main Line: 7 Qc2 c6 8 Nbd2} (12. Ng5 h6 13. e5 Bxg2 14. exf6 Nxf6 15. Kxg2 hxg5 16. dxc5 Qc7 17. cxb6 axb6 18. Qe2 Rfc8 19. b3 b5 {1-0 (94) Howell,D (2698)-Lopez Martinez,J (2607) Heraklio 2017}) 12... Nd5 $1 {LiveBook: 5 Games} 13. Nd6 $146 ({Predecessor:} 13. dxc5 Nxc5 14. Bd2 Rc8 15. Rac1 h6 16. b4 Na6 17. b5 Nc5 {0-1 (56) Luch,M (2398)-Del Rio de Angelis,S (2511) Roquetas de Mar 2018}) 13... Bxd6 14. Ng5 {[%csl Gg5][%cal Rc2h7] The position is equal.} g6 15. exd6 c4 (15... cxd4 $11 {keeps the balance.} 16. Rxd4 N7f6) 16. Qe4 ({White should play} 16. Ne4 $16) 16... N7f6 $15 {[%cal Bd7f6,Bf6e8,Be8g7][%mdl 32]} 17. Qe5 h6 18. Nh3 $36 {[%mdl 2048] Black is under pressure.} Kh7 19. Re1 Ne8 20. Re4 (20. b3 $11 c3 21. Bxd5 Bxd5 22. Qe3) 20... f6 $1 $17 {[%cal Rf6e5]} 21. Qxe6 {aiming for Rh4.} Ng7 22. Qg4 f5 $2 (22... Qxd6 $15 {stays ahead.} 23. Re1 h5) 23. Qh4 $16 fxe4 (23... Qxh4 $16 24. Rxh4 Nh5) 24. Qxh6+ Kg8 {[#] Hoping for ...Qf6.} 25. Ng5 $1 {[%csl Gg5][%cal Rh6h7]} (25. Bxe4 Qd7 $15) 25... Nf6 {[#] White must now prevent ...Qe8.} 26. Bf4 $1 {[%cal Rf4e5]} Bd5 $2 (26... Rf7 27. Be5 (27. Qxg6 Qe8 $16) 27... Ngh5) 27. Be5 $18 Qe8 28. Bxe4 {Threatening mate with Bxf6.} Qb5 29. a4 {Precision: White = 51%, Black = 33%.} 1-0

[Event "EYCC Open U16 2018"]
[Site "Riga"]
[Date "2018.08.27"]
[Round "7"]
[White "Yeritsyan, Aram"]
[Black "Gorshtein, Ido"]
[Result "1/2-1/2"]
[WhiteElo "2330"]
[BlackElo "2375"]
[Annotator "ChessBase"]
[PlyCount "88"]
[EventDate "2018.08.20"]
[EventType "swiss"]
[EventCountry "LAT"]
[TimeControl "40/5400+30:1800+30"]

1. e4 {[%emt 0:00:00]} c6 {[%emt 0:00:00]} 2. d4 {[%emt 0:00:00]} d5 {[%emt 0:00:00]} 3. e5 {[%emt 0:00:00]} Bf5 {[%emt 0:00:00]} 4. h4 {[%emt 0:00:00]} Qc7 {[%emt 0:00:00]} 5. Nc3 {[%emt 0:04:09]} a6 {[%emt 0:00:00]} 6. g4 {[%emt 0:02:40]} Bd7 {[%emt 0:00:00]} 7. h5 {[%emt 0:00:10]} e6 {[%emt 0:03:02]} 8. f4 {[%emt 0:06:33]} c5 {[%emt 0:00:06]} 9. Nf3 {[%emt 0:01:43]} Qb6 {[%emt 0:13:40]} 10. Ne2 {[%emt 0:13:59]} Bb5 {[%emt 0:03:20]} 11. c3 {[%emt 0:00:07]} Nc6 {[%emt 0:00:09]} 12. Be3 {[%emt 0:00:30]} Rc8 {[%emt 0:03:26]} 13. Qd2 {[%emt 0:02:45]} Bxe2 {[%emt 0:11:12]} 14. Bxe2 {[%emt 0:00:18]} cxd4 {[%emt 0:00:03]} 15. Nxd4 {[%emt 0:01:27]} Nxd4 {[%emt 0:01:16]} 16. Bxd4 {[%emt 0:00:13]} Bc5 {[%emt 0:00:02]} 17. Bxc5 {[%emt 0:26:07]} Qxc5 {[%emt 0:00:10]} 18. f5 {[%emt 0:01:12]} Ne7 {[%emt 0:03:23]} 19. h6 {[%emt 0:04:06]} g6 {[%emt 0:01:32]} 20. fxe6 {[%emt 0:00:06]} fxe6 {[%emt 0:02:02]} 21. Rf1 {[%emt 0:00:02]} Kd7 {[%emt 0:05:56]} 22. O-O-O {[%emt 0:02:38]} Rhf8 {[%emt 0:00:12]} 23. Kb1 {[%emt 0:10:17]} b5 {[%emt 0:04:43]} 24. Qg5 {[%emt 0:03:37]} Ng8 {[%emt 0:10:31]} 25. Bd3 {[%emt 0:01:46]} Rxf1 {[%emt 0:04:11]} 26. Rxf1 {[%emt 0:00:21]} Rf8 {[%emt 0:00:01]} 27. Rxf8 {[%emt 0:01:29]} Qxf8 {[%emt 0:00:07]} 28. Qe3 {[%emt 0:02:26]} Qb8 {[%emt 0:01:01]} 29. Qf4 {[%emt 0:06:05]} Ne7 {[%emt 0:03:00]} 30. a4 {[%emt 0:00:25]} bxa4 {[%emt 0:05:31]} 31. Qxa4+ {[%emt 0:00:18]} Nc6 {[%emt 0:01:20]} 32. Bxa6 {[%emt 0:01:36]} Kc7 {[%emt 0:03:17]} 33. Qa3 {[%emt 0:04:35]} Kb6 {[%emt 0:00:37]} 34. Bd3 {[%emt 0:02:10]} Qxe5 {[%emt 0:01:54]} 35. Qa6+ {[%emt 0:00:11]} Kc7 {[%emt 0:01:32]} 36. Bb5 {[%emt 0:00:03]} Qd6 {[%emt 0:01:40]} 37. Kc2 {[%emt 0:01:18]} Qc5 {[%emt 0:03:10]} 38. Bxc6 {[%emt 0:02:41]} Qxc6 {[%emt 0:00:06]} 39. Qa7+ {[%emt 0:00:22]} Kd6 {[%emt 0:01:24]} 40. g5 {[%emt 0:00:00]} Qb5 {[%emt 0:00:00]} 41. Qf2 {[%emt 0:03:29]} Qa4+ {[%emt 0:05:57]} 42. Kd2 {[%emt 0:00:08]} Qe4 {[%emt 0:03:12]} 43. Qf8+ {[%emt 0:00:09]} Kd7 {[%emt 0:01:33]} 44. Qf7+ {[%emt 0:01:30]} Kd6 {[%emt 0:00:12]} 1/2-1/2